Orígenes culturales y míticos de cierto comportamiento de las damas romanas
Uloženo v:
| Hlavní autor: | |
|---|---|
| Médium: | Kniha |
| Jazyk: | španělština |
| Vydáno: |
Madrid
Arena Libros
2006
|
| Vydání: | 1a. ed |
| Edice: | Tiempo al Tiempo
|
| Témata: | |
| Tagy: |
Přidat tag
Žádné tagy, Buďte první, kdo vytvoří štítek k tomuto záznamu!
|
MARC
| LEADER | 00000cam a2200000 a 4500 | ||
|---|---|---|---|
| 001 | UCC7261 | ||
| 003 | CL-VaPUC | ||
| 008 | 190322e20060000sp |||||||||||||||||spa|d | ||
| 020 | |a 8495897497 | ||
| 082 | 0 | 4 | |a 937 |b KLO |2 21 |
| 100 | |a Klossowski, Pierre |e author |9 601805 | ||
| 245 | 1 | 0 | |a Orígenes culturales y míticos de cierto comportamiento de las damas romanas |
| 250 | |a 1a. ed | ||
| 300 | |a 68 p | ||
| 942 | |c BK | ||
| 945 | |d 20190322 14:57:00 |a dcastane | ||
| 260 | |a Madrid |b Arena Libros |c 2006 | ||
| 650 | 0 | |a Historia de Roma |9 315349 | |
| 650 | 7 | |a MUJERES ROMA HISTORIA |2 CL-VaPUC |9 452559 | |
| 650 | 0 | |a Vida y costumbres |9 611784 | |
| 583 | |a last modification |c 20190322 14:57:00 |k Rodrigo Vera | ||
| 490 | 0 | |a Tiempo al Tiempo | |
| 999 | |c 373946 |d 373944 | ||
| 952 | |0 0 |1 0 |3 erb |4 0 |6 937_000000000000000_KLO_2006 |7 0 |8 A |9 492282 |a BIBART |b BIBART |i 5537061 |o 937 KLO 2006 |p 5537061 |r 2025-03-13 |w 2019-11-24 |y BK |z Catalogado en:20190322 |k ART | ||